| 000 | 00778nam a22001937a 4500 | ||
|---|---|---|---|
| 008 | 101208t xxu||||| |||| 00| 0 eng d | ||
| 020 | _a0230507891 | ||
| 020 | _a9780230507890 | ||
| 082 |
_a378.1794 _bNEV |
||
| 100 |
_921467 _aNeville, Lindsey |
||
| 245 |
_aThe Personal Tutor's Handbook / _cLindsey Neville |
||
| 260 |
_asingstoke : _bPalgrave Macmillan, 2007. _c2007 |
||
| 300 |
_axiii, 172 p. ; _bill. ; _c22 cm |
||
| 490 |
_920971 _aPalgrave study guides |
||
| 504 | _a Includes bibliographical references (p.163-169) and index | ||
| 650 |
_921468 _aTutors and tutoring _vHandbooks, manuals, etc. |
||
| 942 |
_2ddc _cBB |
||
| 999 |
_c14873 _d14873 |
||